00237nam a22000977a 4500082001700000100001900017245004300036260003700079300000900116650001400125 a574.0724 DAN aDaniel, Louise aLaboratory Experiments In Biochemistry aLondonbAcadamic Press Incc1967 a301p aChemistry